000
00355nam a2200133Ia 4500
008
231129s1978||||xx |||||||||||||| ||spa||
020
_a
84-201-0035-8
040
_b
spa
082
_a
R 621.8 P962
245
0
_a
Proyectar es facil : Proyectistas en mecanica.
260
_c
1978
264
_a
Afha.
942
_2
ddc
_c
BKS
999
_c
23408
_d
23408